000
00341nam a2200121 a 4500
005
20140414132053.0
008
110714s19uu xx 00 eng d
050
_a
ER
_b
W72 2000
100
_a
Winkelman, Barbara Gaines
245
_a
Don't be scared, Piglet and roo!.
260
_a
United State of America :
_b
Grolier,
_c
2000.
999
_c
114227
_d
114227